|
|
|
|
| LEADER |
03558nam a2200517 4500 |
| 001 |
978-3-319-95876-7 |
| 003 |
DE-He213 |
| 005 |
20191220125321.0 |
| 007 |
cr nn 008mamaa |
| 008 |
181024s2018 gw | s |||| 0|eng d |
| 020 |
|
|
|a 9783319958767
|9 978-3-319-95876-7
|
| 024 |
7 |
|
|a 10.1007/978-3-319-95876-7
|2 doi
|
| 040 |
|
|
|d GrThAP
|
| 050 |
|
4 |
|a T50
|
| 072 |
|
7 |
|a PDDM
|2 bicssc
|
| 072 |
|
7 |
|a TEC022000
|2 bisacsh
|
| 072 |
|
7 |
|a PDD
|2 thema
|
| 082 |
0 |
4 |
|a 530.8
|2 23
|
| 100 |
1 |
|
|a Kaloyerou, Panayiotis Nicos.
|e author.
|4 aut
|4 http://id.loc.gov/vocabulary/relators/aut
|
| 245 |
1 |
0 |
|a Basic Concepts of Data and Error Analysis
|h [electronic resource] :
|b With Introductions to Probability and Statistics and to Computer Methods /
|c by Panayiotis Nicos Kaloyerou.
|
| 250 |
|
|
|a 1st ed. 2018.
|
| 264 |
|
1 |
|a Cham :
|b Springer International Publishing :
|b Imprint: Springer,
|c 2018.
|
| 300 |
|
|
|a XX, 259 p. 405 illus., 42 illus. in color.
|b online resource.
|
| 336 |
|
|
|a text
|b txt
|2 rdacontent
|
| 337 |
|
|
|a computer
|b c
|2 rdamedia
|
| 338 |
|
|
|a online resource
|b cr
|2 rdacarrier
|
| 347 |
|
|
|a text file
|b PDF
|2 rda
|
| 505 |
0 |
|
|a Units of Measurement -- Scientific Calculations, Significant Figures and Graphs -- Error Analysis -- The Method of Least Squares -- Theoretical Background - Probability and Statistics -- Use of Computers -- A: Bibliography -- B: Tables -- C: Some Mathematical Formulae and Relations -- D: Some Biographies -- E: Solutions.
|
| 520 |
|
|
|a This introductory textbook explains the concepts and methods of data and error analysis needed for laboratory experiment write-ups, especially physics and engineering experiments. The book contains the material needed for beginning students, e.g., first year university students, college students (enrolled on a certificate or diploma course) and even A-level students. Nevertheless, it also covers the required material for higher year university laboratories, including the final year. Only essential concepts and methods needed for the day-to-day performance of experiments and their subsequent analysis and presentation are included and, at the same time, presented as simply as possible. Non-essential detail is avoided. Chapter five is a stand-alone introduction to probability and statistics aimed at providing a theoretical background to the data and error analysis chapters one to four. Computer methods are introduced in Chapter six. The author hopes this book will serve as a constant reference.
|
| 650 |
|
0 |
|a Physical measurements.
|
| 650 |
|
0 |
|a Measurement .
|
| 650 |
|
0 |
|a Statistics .
|
| 650 |
|
0 |
|a Continuum physics.
|
| 650 |
|
0 |
|a Applied mathematics.
|
| 650 |
|
0 |
|a Engineering mathematics.
|
| 650 |
1 |
4 |
|a Measurement Science and Instrumentation.
|0 http://scigraph.springernature.com/things/product-market-codes/P31040
|
| 650 |
2 |
4 |
|a Statistics for Engineering, Physics, Computer Science, Chemistry and Earth Sciences.
|0 http://scigraph.springernature.com/things/product-market-codes/S17020
|
| 650 |
2 |
4 |
|a Classical and Continuum Physics.
|0 http://scigraph.springernature.com/things/product-market-codes/P2100X
|
| 650 |
2 |
4 |
|a Mathematical and Computational Engineering.
|0 http://scigraph.springernature.com/things/product-market-codes/T11006
|
| 710 |
2 |
|
|a SpringerLink (Online service)
|
| 773 |
0 |
|
|t Springer eBooks
|
| 776 |
0 |
8 |
|i Printed edition:
|z 9783319958750
|
| 776 |
0 |
8 |
|i Printed edition:
|z 9783319958774
|
| 856 |
4 |
0 |
|u https://doi.org/10.1007/978-3-319-95876-7
|z Full Text via HEAL-Link
|
| 912 |
|
|
|a ZDB-2-PHA
|
| 950 |
|
|
|a Physics and Astronomy (Springer-11651)
|